MARC details
| 000 -LEADER |
| fixed length control field |
01922cab a2200493 4500 |
| 001 - CONTROL NUMBER |
| control field |
ABS58920 |
| 008 - FIXED-LENGTH DATA ELEMENTS--GENERAL INFORMATION |
| fixed length control field |
090401t1998 xxu||||| |||| 00| 0 eng d |
| 035 ## - SYSTEM CONTROL NUMBER |
| System control number |
(Sirsi) u86986 |
| 041 ## - LANGUAGE CODE |
| Language code of text/sound track or separate title |
eng |
| 100 ## - MAIN ENTRY--PERSONAL NAME |
| Personal name |
Williams, D. |
| 245 ## - TITLE STATEMENT |
| Title |
Residential tenancies: key issues |
| 260 ## - PUBLICATION, DISTRIBUTION, ETC. |
| Date of publication, distribution, etc. |
1998 |
| 350 ## - PRICE (NR) (BK AM CF MU VM SE) [OBSOLETE] |
| Price |
0 |
| 490 ## - SERIES STATEMENT |
| Series statement |
Estates Gazette |
| Volume/sequential designation |
(9823) 6 June 1998, 129-132(4) |
| 520 ## - SUMMARY, ETC. |
| Summary, etc. |
Reviews the way in which recent cases have affected residential tenancies. Considers how the Rent Act 1997 operates, how fair rents are determined, and the status of assured and assured shorthold tenancies. |
| 650 ## - SUBJECT ADDED ENTRY--TOPICAL TERM |
| Topical term or geographic name entry element |
ASSURED TENANCY |
| 650 ## - SUBJECT ADDED ENTRY--TOPICAL TERM |
| Topical term or geographic name entry element |
BOYLE V VERRALL |
| 650 ## - SUBJECT ADDED ENTRY--TOPICAL TERM |
| Topical term or geographic name entry element |
BREWER V ANDREWS |
| 650 ## - SUBJECT ADDED ENTRY--TOPICAL TERM |
| Topical term or geographic name entry element |
BUSINESS PREMISES |
| 650 ## - SUBJECT ADDED ENTRY--TOPICAL TERM |
| Topical term or geographic name entry element |
CHURCH COMMISSIONERS FOR ENGLAND V BAINES |
| 650 ## - SUBJECT ADDED ENTRY--TOPICAL TERM |
| Topical term or geographic name entry element |
CURTIS AND OTHERS V LONDON RENT ASSESSMENT COMMITTEE AND OTHERS |
| 650 ## - SUBJECT ADDED ENTRY--TOPICAL TERM |
| Topical term or geographic name entry element |
ELITESTONE LTD V MORRIS |
| 650 ## - SUBJECT ADDED ENTRY--TOPICAL TERM |
| Topical term or geographic name entry element |
FAIR RENTS |
| 650 ## - SUBJECT ADDED ENTRY--TOPICAL TERM |
| Topical term or geographic name entry element |
FITZPATRICK V STERLING HOUSING ASSOCIATION LTD |
| 650 ## - SUBJECT ADDED ENTRY--TOPICAL TERM |
| Topical term or geographic name entry element |
HEADLEASES |
| 650 ## - SUBJECT ADDED ENTRY--TOPICAL TERM |
| Topical term or geographic name entry element |
LAIMOND PROPERTIES V AL-SHAKARCHI |
| 650 ## - SUBJECT ADDED ENTRY--TOPICAL TERM |
| Topical term or geographic name entry element |
MUSTAFA V RUDDOCK |
| 650 ## - SUBJECT ADDED ENTRY--TOPICAL TERM |
| Topical term or geographic name entry element |
NORTHUMBERLAND AND DURHAM PROPERTY TRUST LTD V LONDON RENT ASSESSMENT COMMITTEE AND BORKOWSKI |
| 650 ## - SUBJECT ADDED ENTRY--TOPICAL TERM |
| Topical term or geographic name entry element |
NORTHUMBERLAND AND DURHAM PROPERTY TRUST LTD V LONDON RENT ASSESSMENT COMMITTEE AND BULLOCK |
| 650 ## - SUBJECT ADDED ENTRY--TOPICAL TERM |
| Topical term or geographic name entry element |
NORTHUMBERLAND AND DURHAM PROPERTY TRUST LTD V LONDON RENT ASSESSMENT COMMITTEE AND COWDERY AND ANOTHER |
| 650 ## - SUBJECT ADDED ENTRY--TOPICAL TERM |
| Topical term or geographic name entry element |
PROTECTED TENANT |
| 650 ## - SUBJECT ADDED ENTRY--TOPICAL TERM |
| Topical term or geographic name entry element |
REGISTERED |
| 650 ## - SUBJECT ADDED ENTRY--TOPICAL TERM |
| Topical term or geographic name entry element |
RENT ACT 1977 |
| 650 ## - SUBJECT ADDED ENTRY--TOPICAL TERM |
| Topical term or geographic name entry element |
RENT ASSESSMENT COMMITTEE |
| 650 ## - SUBJECT ADDED ENTRY--TOPICAL TERM |
| Topical term or geographic name entry element |
RENTAL VALUE |
| 650 ## - SUBJECT ADDED ENTRY--TOPICAL TERM |
| Topical term or geographic name entry element |
SECTION 20 NOTICES |
| 650 ## - SUBJECT ADDED ENTRY--TOPICAL TERM |
| Topical term or geographic name entry element |
STATUTORY SUCCESSION |
| 650 ## - SUBJECT ADDED ENTRY--TOPICAL TERM |
| Topical term or geographic name entry element |
SUBLETTING |
| 650 ## - SUBJECT ADDED ENTRY--TOPICAL TERM |
| Topical term or geographic name entry element |
UJIMA HOUSING ASSOCIATION V ANSAH |
| 650 ## - SUBJECT ADDED ENTRY--TOPICAL TERM |
| Topical term or geographic name entry element |
USER RESTRICTIONS |
| 690 ## - LOCAL SUBJECT ADDED ENTRY--TOPICAL TERM (OCLC, RLIN) |
| Topical term or geographic name as entry element |
PROPERTY-RESIDENTIAL PROPERTY-RESIDENTIAL LANDLORD AND TENANT-RESIDENTIAL TENANCIES |
| 942 ## - ADDED ENTRY ELEMENTS (KOHA) |
| Suppress in OPAC |
0 |
| 948 ## - LOCAL PROCESSING INFORMATION (OCLC); SERIES PART DESIGNATOR (RLIN) |
| c (OCLC) |
24/06/1998 |